000 00794nam a2200229Ii 4500
003 JO-AjNU
008 230605s9999||||xx |||||||||||||| ||und||
017 _a2003/7/1490
020 _a9957-11-394-1
040 _aJO-AjNU
_bara
_erda
_cJO-AjNU
041 _aara
050 1 4 _aHF5415.13.U256.2011
100 3 _aعبيدات،محمد ابراهيم,
_eauthor
_933196
245 0 0 _aالتسويق الاجتماعي:الاخضر والبيئي
250 _aط2
264 3 1 _aعمان:دار وائل للنشر والتوزيع؛2011
300 _a300ص
_bيحتوي على ببلوغرافية من ص297-300ص
336 _atext
_btxt
_2rdacontent
337 _aunmediated
_bn
_2rdamedia
338 _avolume
_bnc
_2rdacarrier
650 4 _aالتسويق-ادارة مبيعات
_933197
999 _aA13486
_c17054
_d17054